| 000 | 00631cam a2200229 a 4500 | ||
|---|---|---|---|
| 001 | 4240566 | ||
| 005 | 20180215072515.0 | ||
| 008 | 830331s1983 nyua b 001 0 eng c | ||
| 010 | _a 83002823 | ||
| 020 | _a0125124600 | ||
| 040 |
_aDNLM/DLC _cDLC _dDLC |
||
| 041 | _aeng | ||
| 060 | _aWL 354 H488 | ||
| 080 | _a616.8 MIC | ||
| 082 | 0 | 0 |
_a616.8 MIC _219 |
| 100 | _a4 | ||
| 101 | _aSHM | ||
| 245 | 0 | 0 |
_aHemisyndromes, psychobiology, neurology, psychiatry / _cedited by Michael S. Myslobodsky. |
| 504 | _aIncludes bibliographies and index. | ||
| 906 |
_a7 _bcbc _corignew _d1 _eocip _f19 _gy-gencatlg |
||
| 942 |
_2ddc _cBK |
||
| 999 |
_c42668 _d42668 |
||